00390nam a2200145Ia 4500008004100000040001900041041001200060082002900072100001600101245003800117260004000155300002100195650001800216850001000234131103s9999 xx 000 0 und d aLoreto College aEnglish a891.433/MITbLCLIB/41427 aMithileswar aPratinidhi KahaniyancMithileswar aNew DelhibRajkamal Prakashanc1997 a147 p. c 17 cm. aHindi Fiction aLCLIB